Les villes les plus peuplées de France commençant par V - Statistiques

Statistiques générales
  • Ce quiz a été pris 111 fois
  • Le résultat moyen est 8 sur 15
Statistiques - réponses
Départements Population Villes % Correct
Drôme 65 000 Valence
95%
Rhône 152 000 Villeurbanne
86%
Nord 43 000 Valenciennes
82%
Yvelines 85 000 Versailles
76%
Morbihan 54 000 Vannes
75%
Rhône 67 000 Vénissieux
57%
Val de Marne 96 000 Vitry-sur-Seine
50%
Nord 62 000 Villeneuve-d'Ascq
44%
Rhône 53 000 Vaulx-en-Velin
43%
Val de Marne 55 000 Villejuif
35%
Rhône 36 000 Villefranche-sur-Saône
34%
Val de Marne 50 000 Vincennes
33%
Bouches du Rhône 33 000 Vitrolles
25%
Val de Marne 35 000 Villeneuve-Saint-Georges
13%
Gironde 37 000 Villenave-d'Ornon
7%
Aucun quiz correspondant
Distribution des résultats
% des personnes avec chaque résultat
Percentile par nombre de réponses
Votre historique - résultats
Vous n’avez pas pris ce quiz